000
00292nam a2200085Ia 4500
245
0
_a
A sprat to catch a mackerel : key principles to build your business
100
_a
ACKERMAN, Raymond Jeppestown [South Africa], 2010
_9
25374
942
_c
BK
008
210819s9999 xx 000 0 und d
999
_c
295976
_d
295975